00257nam a2200097Ia 4500008004000000082001300040100003100053245002800084260003500112300001200147210210b1969 xxu||||| |||| 00| 0 eng d a920 NATH aNATIONAL BIOGRAPHY SERIES. aHarsha . by V D Gangal. aN DbNational Book Trustc1969 aviii,98